000 00197nam a2200109Ia 4500
100 _a#N/A
942 _cBK
654 _afedora
245 _aFedora Core 3 DVD
260 _b#N/A
546 _aENGLISH
999 _c34995
_d34995